|
|
|
|
| LEADER |
01173pam a22002658a 4500 |
| 001 |
00023390 |
| 005 |
20171026081022.0 |
| 008 |
110620s2007 ||||||viesd |
| 020 |
|
|
|c 23500
|
| 041 |
0 |
# |
|a vie
|
| 082 |
1 |
4 |
|a 004.01
|b GI108TR
|
| 100 |
0 |
# |
|a Bùi Minh Trí
|
| 245 |
0 |
0 |
|a Giáo trình toán ứng dụng trong tin học
|b Sách dùng cho các trường Đào tạo hệ Trung học chuyên nghiệp
|c Bùi Minh Trí
|
| 250 |
# |
# |
|a tái bản lần thứ 3
|
| 260 |
# |
# |
|a H.
|b Giáo dục
|c 2007
|
| 300 |
# |
# |
|a 272tr.
|c 24cm.
|
| 653 |
# |
# |
|a giáo trình
|
| 653 |
# |
# |
|a tin học
|
| 653 |
# |
# |
|a toán học
|
| 653 |
# |
# |
|a trung học chuyên nghiệp
|
| 852 |
# |
# |
|b Kho giáo trình
|j KGT.0000851, KGT.0000852, KGT.0000853, KGT.0000854, KGT.0000855, KGT.0000856, KGT.0000857, KGT.0000858, KGT.0000859, KGT.0000860, KGT.0000861
|
| 852 |
# |
# |
|b Kho mượn
|j KGT.0000851
|
| 852 |
# |
# |
|j KGT.0000851
|j KGT.0000853
|j KGT.0000854
|j KGT.0000856
|j KGT.0000859
|j KGT.0000861
|j KGT.0000857
|j KGT.0000858
|j KGT.0000852
|j KGT.0000855
|j KGT.0000860
|
| 910 |
|
|
|d 20/06/2011
|
| 980 |
# |
# |
|a Trung tâm Học liệu Lê Vũ Hùng, Trường Đại học Đồng Tháp
|